MARC

LEADER 00000nam0a2200000 4500
001 195954
005 20231031182937.0
010 |b 2000 экз. 
035 |a (RuTPU)RU\TPU\book\213770 
035 |a RU\TPU\tpu\6849 
090 |a 195954 
100 |a 20110517d1923 u y0rusy50 ca 
101 0 |a rus 
102 |a RU 
105 |a a j 000|y 
200 1 |a Прикладная механика  |h Вып. 1  |i Структура и синтез механизмов  |f А. П. Малышев 
210 |a Новониколаевск  |a Томск  |c Сибирское Областное Государственное Издательство  |d 1923 
215 |a 91 с.  |c ил. 
316 |5 63413507: ШкА/2202  |a С автографом автора. На обложке надпись: " В библиотеку ТТИ с благодарностью. 24.8.1923 г." 
610 1 |a машиноведение 
610 1 |a труды учёных ТПУ 
610 1 |a приборостроение 
610 1 |a резание 
610 1 |a учебные пособия 
610 1 |a дарственная надпись 
610 1 |a металлы 
610 1 |a обработка 
610 1 |a коллекция ТПУ 
610 1 |a кинематика 
610 1 |a кинематические пары 
610 1 |a математический синтез 
610 1 |a математический анализ 
610 1 |a упражнения 
610 1 |a практика 
675 |a 621.01:531  |v 3 
700 1 |a Малышев  |b А. П.  |c российский инженер-механик  |c профессор ТТИ  |f 1879-1962  |g Александр Петрович  |2 stltpush  |3 (RuTPU)RU\TPU\pers\21871 
801 0 |a RU  |b 63413507  |c 20011210  |g PSBO 
801 2 |a RU  |b 63413507  |c 20190709  |g PSBO 
942 |c BK